01619nam a2200277 i 4500003000400000005001700004008004100021020004000062040002700102082001500129090002000144100003700164245005100201264004300252264001100295300002500306336002100331337002500352338002300377520085900400650002101259650001101280650002001291942001101311999001901322OSt20260517165914.0260517t20252025-uk gr 00| 0beng d a9781787588905cRM120.00qpaperback  aPPAK bengcPPAK erda04223a823.9200a823.92bCAV dG1 aCavendish, Catherine, eauthor. 14aTHE STONES OF LANDANE / cCATHERINE CAVENDISH  1aLondon ; bFLAME TREE PRESS, c[2025]? 4c©2025 a231 pages ; c22 cm  atext2rdacontent aunmediated2rdamedia avolume2rdacarrier aA mysterious, psychological thriller from the ever-enthralling Catherine Cavendish 'Fear her now, fear the queen, As in her stone she reigns supreme...' When Jonathan agrees to accompany his girlfriend, Nadia, on a trip to Landane, he imagines a short relaxing break in the countryside. But he quickly discovers that Nadia isn't just drawn to the ancient Neolithic stone circle, she is obsessed by the megaliths. One in particular holds a fascination for her. Within hours, her personality begins to change, and it isn't long before Jonathan starts to fear for her sanity. Reaching far back into the past and up to the present day, those same stones have demonstrated powers beyond reason and, as Jonathan's girlfriend becomes increasingly distant from reality, some of the ghosts of the past begin to reappear. Now it isn't only Nadia who is in danger. 10aEnglish fiction 20aHorror20aMystery fiction 2ddccB c204338d204338